Bahar Aaney Tak (Record no. 327476)

000 -LEADER
fixed length control field 00279 a2200121 4500
001 - CONTROL NUMBER
control field 92403
082 ## - DEWEY DECIMAL CLASSIFICATION NUMBER
Classification number 891.4393 FAK
090 ## - LOCALLY ASSIGNED LC-TYPE CALL NUMBER (OCLC); LOCAL CALL NUMBER (RLIN)
-- 44373
-- 44374
100 ## - MAIN ENTRY--PERSONAL NAME
Personal name Fakhira Jabeen
245 ## - TITLE STATEMENT
Title Bahar Aaney Tak
260 ## - PUBLICATION, DISTRIBUTION, ETC.
Place of publication, distribution, etc. Lahore
Name of publisher, distributor, etc. Al-Quresh Publications
Date of publication, distribution, etc. 2013
300 ## - PHYSICAL DESCRIPTION
Extent 365p.
942 ## - ADDED ENTRY ELEMENTS (KOHA)
Institution code [OBSOLETE] CAE NUST
Call number prefix 891.4393 FAK
Holdings
Withdrawn status Lost status Damaged status Not for loan Collection code Permanent Location Current Location Date acquired Total Checkouts Full call number Barcode Date last seen Price effective from Koha item type
          College of Aeronautical Engineering (CAE) College of Aeronautical Engineering (CAE) 04/03/2017   891.4393 FAK CAE88617 04/05/2017 04/05/2017 Book
© 2023 Central Library, National University of Sciences and Technology. All Rights Reserved.